Tout les français en F2 depuis 2017 - Statistiques

Statistiques générales
  • Ce quiz a été pris 9 fois
  • Le résultat moyen est 5 sur 9
Statistiques - réponses
Saison(s) Ecurie(s) Course(s) Meilleur classement Pilote % Correct
2020-23 HWA, Art GP 81 Champion Théo Pourchaire
100%
2023-24 Hitech, Campos 54 2e Isack Hadjar
88%
2023-25 Art GP 81 5e Victor Martins
88%
2021-23 Trident, MP Motorsport 58 14e Clément Novalak
63%
2025 Trident 21 21e Sami Meguetounif
50%
2018-19 MP Motorsport, Campos,Trident 20 12e Dorian Boccolacci
38%
2019 Arden 16 10e Anthoine Hubert
25%
2019-20 Trident, HWA, MP Motorsport 46 15e Giuliano Alesi
25%
2017 Arden 22 9e Norman Nato
25%
Aucun quiz correspondant
Distribution des résultats
% des personnes avec chaque résultat
Percentile par nombre de réponses
Votre historique - résultats
Vous n’avez pas pris ce quiz